01018nam a2200241 a 450000100100000000500170001000800410002702000150006804000250008308200210010824501110012926001360024030000280037650000310040465000400043565000410047565000350051665000230055170000540057404900090062895201240063799900150076100000539920200929151651.0090819s1984 sp a 001 0 spa d a8400056701 aDO-SdBNPbspacBNPHU a620.11223bG643t00aTeoría y práctica de la lucha contra la corrosión /cJosé A. González Fernández ; coordinador. aMadrid, España :bConsejo Superior de Investigaciones Científicas ;bCentro Nacional de Investigaciones Metalúrgicas ,c1984. a683 p. :bil. ;c24 cm. aIncluye tabla de contenido 4aCorrosión y anticorrosivos915320 4aDeterioración de materiales915321 4aHormigónxCorrosión915322 4aOxidación9153231 aGonzález Fernández, José A.,ecoord.915324 aBNPD 001054708MOaGRbGRcHDd2009-08-19iLF1l0o620.11223 G643tp5399-10r2020-06-25w2020-06-25y4ZPréstamo en sala c5199d5199